| 000 | 00753cam a2200241 a 4500 | ||
|---|---|---|---|
| 001 | 15147054 | ||
| 005 | 20180309072128.0 | ||
| 008 | 080118s2009 maua b 001 0 eng | ||
| 010 | _a 2008002821 | ||
| 020 | _a9780072538625 (alk. paper) | ||
| 020 | _a0072538627 (alk. paper) | ||
| 040 |
_aDLC _cDLC _dDLC |
||
| 041 | _aeng | ||
| 080 | _a541 | ||
| 082 | 0 | 0 |
_a541 LEV _222 |
| 100 | 1 | _a12 | |
| 101 | _aKIM | ||
| 245 | 1 | 0 |
_aPhysical chemistry / _cIra N. Levine. |
| 504 | _aIncludes bibliographical references (p. 955-958) and index. | ||
| 906 |
_a7 _bcbc _corignew _d1 _eecip _f20 _gy-gencatlg |
||
| 942 |
_2ddc _cBK |
||
| 999 |
_c44573 _d44573 |
||